000 00655nam a2200205 a 4500
005 20230526063532.0
008 100519s2009 es r 000 0 spa d
020 _a9788496028753
035 _aUPN01000175957
049 _aCG
050 4 _aHQ799.2 I5
_bA3.6
245 0 0 _aAdolescentes y jóvenes en la red :
_bfactores de oportunidad /
_cdir. Angeles Rubio Gil.
260 _aMadrid :
_bInstituto de la Juventud,
_c2009.
300 _a103 p. :
_bcuadros, gráfs.
440 0 _aEstudios
650 4 _aINTERNET Y ADOLESCENTES -
_zESPAÑA
_916462
650 4 _aInternet
_xAspectos sociales
_96033
700 1 _aRubio Gil, Angeles,
_edir.
905 _aLibro
999 _c148060
_d148060